Pitman's english shorthand dictionary (Record no. 1339822)

MARC details
000 -LEADER
fixed length control field 00453nam a2200169Ia 4500
005 - DATE AND TIME OF LATEST TRANSACTION
control field 20250508152945.0
008 - FIXED-LENGTH DATA ELEMENTS--GENERAL INFORMATION
fixed length control field 008 250505s9999 xx 000 0 eng d
037 ## - SOURCE OF ACQUISITION
Stock number Reference
040 ## - CATALOGING SOURCE
Original cataloging agency FEDL
Language of cataloging eng
Transcribing agency FEDL
041 ## - LANGUAGE CODE
Language code of text/sound track or separate title eng
Source of code eng
084 ## - COLON CLASSIFICATION NUMBER
Classification number 653.42, REY
Assigning agency FEDL
100 ## - MAIN ENTRY--PERSONAL NAME
Personal name Reymold Arthur
9 (RLIN) 762835
245 #0 - TITLE STATEMENT
Title Pitman's english shorthand dictionary
300 ## - PHYSICAL DESCRIPTION
Extent 822p.
942 ## - ADDED ENTRY ELEMENTS (KOHA)
Koha item type Reference
Classification part 653.42, REY
Holdings
Withdrawn status Lost status Damaged status Not for loan Home library Current library Date acquired Total Checkouts Full call number Barcode Date last seen Price effective from Koha item type
        Department of Education Library Department of Education Library 2025-05-08   653.42, REY EL0022293 2025-05-08 2025-05-08 Reference
Copyright @ Delhi University Library System